<?xml version="1.0" encoding="UTF-8"?><?xml-stylesheet type="text/xsl" href="static/style.xsl"?><OAI-PMH xmlns="http://www.openarchives.org/OAI/2.0/" xmlns:xsi="http://www.w3.org/2001/XMLSchema-instance" xsi:schemaLocation="http://www.openarchives.org/OAI/2.0/ http://www.openarchives.org/OAI/2.0/OAI-PMH.xsd"><responseDate>2026-04-30T04:58:19Z</responseDate><request verb="GetRecord" identifier="oai:uvadoc.uva.es:10324/57785" metadataPrefix="marc">https://uvadoc.uva.es/oai/request</request><GetRecord><record><header><identifier>oai:uvadoc.uva.es:10324/57785</identifier><datestamp>2025-03-07T07:29:40Z</datestamp><setSpec>com_10324_1179</setSpec><setSpec>com_10324_931</setSpec><setSpec>com_10324_894</setSpec><setSpec>col_10324_1306</setSpec></header><metadata><record xmlns="http://www.loc.gov/MARC21/slim" xmlns:doc="http://www.lyncode.com/xoai" xmlns:xsi="http://www.w3.org/2001/XMLSchema-instance" xmlns:dcterms="http://purl.org/dc/terms/" xsi:schemaLocation="http://www.loc.gov/MARC21/slim http://www.loc.gov/standards/marcxml/schema/MARC21slim.xsd">
<leader>00925njm 22002777a 4500</leader>
<datafield tag="042" ind1=" " ind2=" ">
<subfield code="a">dc</subfield>
</datafield>
<datafield tag="720" ind1=" " ind2=" ">
<subfield code="a">Corral Gudino, Luis</subfield>
<subfield code="e">author</subfield>
</datafield>
<datafield tag="720" ind1=" " ind2=" ">
<subfield code="a">Cusacovich Torres, Iván</subfield>
<subfield code="e">author</subfield>
</datafield>
<datafield tag="720" ind1=" " ind2=" ">
<subfield code="a">Martín González, José Ignacio</subfield>
<subfield code="e">author</subfield>
</datafield>
<datafield tag="720" ind1=" " ind2=" ">
<subfield code="a">Muela Molinero, Alberto</subfield>
<subfield code="e">author</subfield>
</datafield>
<datafield tag="720" ind1=" " ind2=" ">
<subfield code="a">Abadia Otero, Jesica</subfield>
<subfield code="e">author</subfield>
</datafield>
<datafield tag="720" ind1=" " ind2=" ">
<subfield code="a">González Fuentes, Roberto</subfield>
<subfield code="e">author</subfield>
</datafield>
<datafield tag="720" ind1=" " ind2=" ">
<subfield code="a">Ruiz de Temiño de la Peña, Ángela</subfield>
<subfield code="e">author</subfield>
</datafield>
<datafield tag="720" ind1=" " ind2=" ">
<subfield code="a">Tapia Moral, Elena</subfield>
<subfield code="e">author</subfield>
</datafield>
<datafield tag="720" ind1=" " ind2=" ">
<subfield code="a">Cuadrado Medina, Francisca</subfield>
<subfield code="e">author</subfield>
</datafield>
<datafield tag="720" ind1=" " ind2=" ">
<subfield code="a">Martín Asenjo, Miguel</subfield>
<subfield code="e">author</subfield>
</datafield>
<datafield tag="720" ind1=" " ind2=" ">
<subfield code="a">Miramontes González, José Pablo</subfield>
<subfield code="e">author</subfield>
</datafield>
<datafield tag="720" ind1=" " ind2=" ">
<subfield code="a">Delgado González, José Luis</subfield>
<subfield code="e">author</subfield>
</datafield>
<datafield tag="720" ind1=" " ind2=" ">
<subfield code="a">Inés, Sandra</subfield>
<subfield code="e">author</subfield>
</datafield>
<datafield tag="720" ind1=" " ind2=" ">
<subfield code="a">Abad Manteca, Laura</subfield>
<subfield code="e">author</subfield>
</datafield>
<datafield tag="720" ind1=" " ind2=" ">
<subfield code="a">Usátegui Martín, Iciar</subfield>
<subfield code="e">author</subfield>
</datafield>
<datafield tag="720" ind1=" " ind2=" ">
<subfield code="a">Ruiz Albi, Tomás</subfield>
<subfield code="e">author</subfield>
</datafield>
<datafield tag="720" ind1=" " ind2=" ">
<subfield code="a">Miranda Riaño, Sara</subfield>
<subfield code="e">author</subfield>
</datafield>
<datafield tag="720" ind1=" " ind2=" ">
<subfield code="a">Rodríguez Fortúnez, Patricia</subfield>
<subfield code="e">author</subfield>
</datafield>
<datafield tag="720" ind1=" " ind2=" ">
<subfield code="a">Rodríguez Jiménez, Consuelo</subfield>
<subfield code="e">author</subfield>
</datafield>
<datafield tag="720" ind1=" " ind2=" ">
<subfield code="a">López Franco, Esperanza</subfield>
<subfield code="e">author</subfield>
</datafield>
<datafield tag="720" ind1=" " ind2=" ">
<subfield code="a">Marcos, Miguel</subfield>
<subfield code="e">author</subfield>
</datafield>
<datafield tag="260" ind1=" " ind2=" ">
<subfield code="c">2022</subfield>
</datafield>
<datafield tag="520" ind1=" " ind2=" ">
<subfield code="a">Background: The efficacy and safety of high versus medium doses of glucocorticoids for the treatment of patients with COVID-19 has shown mixed outcomes in controlled trials and observational studies. We aimed to evaluate the effectiveness of methylprednisolone 250 mg bolus versus dexamethasone 6 mg in patients with severe COVID-19.&#xd;
Methods: A randomised, open-label, controlled trial was conducted between February and August 2021 at four hospitals in Spain. The trial was suspended after the first interim analysis since the investigators considered that continuing the trial would be futile. Patients were randomly assigned in a 1:1 ratio to receive dexamethasone 6 mg once daily for up to 10 days or methylprednisolone 250 mg once daily for 3 days.&#xd;
Results: Of the 128 randomised patients, 125 were analysed (mean age 60 ± 17 years; 82 males [66%]). Mortality at 28 days was 4.8% in the 250 mg methylprednisolone group versus 4.8% in the 6 mg dexamethasone group (absolute risk difference, 0.1% [95% CI, −8.8 to 9.1%]; p = 0.98). None of the secondary outcomes (admission to the intensive care unit, non-invasive respiratory or high-flow oxygen support, additional immunosuppressive drugs, or length of stay), or prespecified sensitivity analyses were statistically significant. Hyperglycaemia was more frequent in the methylprednisolone group at 27.0 versus 8.1% (absolute risk difference, −18.9% [95% CI, −31.8 to - 5.6%]; p = 0.007).&#xd;
Conclusions: Among severe but not critical patients with COVID-19, 250 mg/d for 3 days of methylprednisolone compared with 6 mg/d for 10 days of dexamethasone did not result in a decrease in mortality or intubation.</subfield>
</datafield>
<datafield tag="024" ind2=" " ind1="8">
<subfield code="a">European Journal of Clinical Investigation, 2022, vol. 53, n. 1, e13881.</subfield>
</datafield>
<datafield tag="024" ind2=" " ind1="8">
<subfield code="a">0014-2972</subfield>
</datafield>
<datafield tag="024" ind2=" " ind1="8">
<subfield code="a">https://uvadoc.uva.es/handle/10324/57785</subfield>
</datafield>
<datafield tag="024" ind2=" " ind1="8">
<subfield code="a">10.1111/eci.13881</subfield>
</datafield>
<datafield tag="024" ind2=" " ind1="8">
<subfield code="a">1</subfield>
</datafield>
<datafield tag="024" ind2=" " ind1="8">
<subfield code="a">European Journal of Clinical Investigation</subfield>
</datafield>
<datafield tag="024" ind2=" " ind1="8">
<subfield code="a">53</subfield>
</datafield>
<datafield tag="024" ind2=" " ind1="8">
<subfield code="a">1365-2362</subfield>
</datafield>
<datafield tag="245" ind1="0" ind2="0">
<subfield code="a">Effect of intravenous pulses of methylprednisolone 250 mg versus dexamethasone 6 mg in hospitalised adults with severe            COVID            ‐19 pneumonia: An open‐label randomised trial</subfield>
</datafield>
</record></metadata></record></GetRecord></OAI-PMH>